K problematike geometrizovania krásy a estetických pojmov

Dva pokusy ako mapovať sémantické priestory estetických pojmov. Gärdenforsovo geometrizovanie významu. Hosoyovo mapovanie pojmov estetických emócií. Návrh spoločného modelu.

Enregistré dans:
Détails bibliographiques
Auteur principal: Démuth, Andrej
Format: Chapitre de livre
Langue:slovaque
Sujets:
Tags: Ajouter un tag
Pas de tags, Soyez le premier à ajouter un tag!

MARC

LEADER 00000naa a2200000 4500
001 0264178
005 20200615092412.1
041 0 |a slo 
044 |a SK 
245 1 0 |a K problematike geometrizovania krásy a estetických pojmov  |c Andrej Démuth 
520 |a Dva pokusy ako mapovať sémantické priestory estetických pojmov. Gärdenforsovo geometrizovanie významu. Hosoyovo mapovanie pojmov estetických emócií. Návrh spoločného modelu. 
610 2 0 |a estetika 
610 2 0 |a farby 
610 2 0 |a pojmy 
610 2 0 |a filozofia 
610 2 0 |a filozofi 
610 2 0 |a sémantika 
100 1 |a Démuth, Andrej